Biblioteca

Matachita (Registro nro. 67721)

Detalles MARC
000 -LÍDER
Campo fijo de descripción fija 00858nam a22002417a 4500
001 - NÚMERO DE CONTROL
Campo de control BINCO
003 - IDENTIFICADOR DEL NÚMERO DE CONTROL
Campo de control CO-MdBIC
005 - FECHA Y HORA DE LA ULTIMA TRANSACCIÓN
control field 20220411153117.0
008 - ELEMENTOS DE LONGITUD FIJA -- INFORMACIÓN GENERAL
Campo fijo de descripción fija -- Información general 220409b2001 ck a|||| |||| 00| 0 spa d
020 ## - NÚMERO INTERNACIONAL NORMALIZADO PARA LIBROS
Número Internacional Normalizado del libro 9583008680
040 ## - FUENTE DE CATALOGACIÓN
Agencia de catalogación original CO-MdBIC
Idioma de catalogación spa.
Agencia que realiza la transcripción CO-MdBIC
Agencia que realiza la modificación CO-MdBIC
041 ## - CÓDIGO DE IDIOMA
Código de idioma para texto/pista de sonido o título separado spa
082 ## - NÚMERO DE CLASIFICACIÓN DECIMAL DEWEY
Número de la edición del Dewey 22
Número de clasificación 863
Clave de autor-Numero de item AL366
100 ## - ASIENTO PRINCIPAL--NOMBRE PERSONAL
Nombre personal Alekos
245 ## - TÍTULO
Título del Material Matachita
Mención de responsabilidad, etc. / Alekos, escritor
260 1# - PUBLICACIÓN, DISTRIBUCIÓN, ETC. (PIE DE IMPRENTA)
Lugar de publicación, distribución, etc. Bogotá, Colombia:
Nombre del editor, distribuidor, etc. Panamericana,
Fecha de publicación, distribución, etc. [2001]
260 4# - PUBLICACIÓN, DISTRIBUCIÓN, ETC. (PIE DE IMPRENTA)
Lugar de publicación, distribución, etc. ©2001
300 ## - DESCRIPCIÓN FÍSICA
Extensión 24 paginas;
Otros detalles físicos ilustraciones a color:
Dimensiones 23 cm.
490 ## - MENCIÓN DE SERIE
Mención de serie oa infantil
500 ## - NOTA GENERAL
Nota General Renata, mi niña, es una fiesta: un día fue marinera de un pirata feroz, y ayer ave fantástica de la isla desierta. Hoy es un pez, es una piedra una dulce fruta silvestre de la sierra o una dragona azul, que ulula sobre la tierra.
650 #7 - ASIENTO SECUNDARIO DE MATERIA - TERMINO TEMÁTICO
9 (RLIN) 100
Término temático o nombre geográfico como elemento de entrada Educación infantil
942 ## - TIPO DE MATERIAL (KOHA)
Tipo de Item KOHA Z- Libro General BINCO
Existencias
Estado de Material Estado de Perdido Forma de Clasificación Estado de Dañado No para Préstamo Biblioteca de Origen Biblioteca Permanente Fecha de Adquisición Total de Préstamos Signatura Topográfica Código de Barras Última vez visto Ejemplar/Existencia Fecha de Remplazo Tipo de Material
    Dewey Decimal Classification     Biblioteca Infantil Comunitaria BINCO Biblioteca Infantil Comunitaria BINCO 09/04/2022   863 AL366 B32244 09/04/2022 ej.1 09/04/2022 Z- Libro General BINCO

Biblioteca FUSBC | Teléfono: (57+4) 349 88 10 Ext. 141| WhatsApp (+57) 3005338115 
E-mail: biblioteca@unisbc.edu.co | Calle 76 87-14 Robledo Palenque, Medellín, Colombia

Con tecnología Koha